Detalles MARC
| 000 -LÍDER |
| Campo fijo de descripción fija |
02261nam a2200337 i 4500 |
| 001 - NÚMERO DE CONTROL |
| Campo de control |
768714001 |
| 003 - IDENTIFICADOR DEL NÚMERO DE CONTROL |
| Campo de control |
CO-MdFUSB |
| 005 - FECHA Y HORA DE LA ULTIMA TRANSACCIÓN |
| control field |
20260414104742.0 |
| 007 - CAMPO FIJO DE DESCRIPCIÓN FIJA--INFORMACIÓN GENERAL |
| Campo fijo de descripción fija |
ta |
| 008 - ELEMENTOS DE LONGITUD FIJA -- INFORMACIÓN GENERAL |
| Campo fijo de descripción fija -- Información general |
240924t1995 -us||||| |||| 001 0 eng d |
| 020 ## - NÚMERO INTERNACIONAL NORMALIZADO PARA LIBROS |
| Número Internacional Normalizado del libro |
0-664-25621-X |
| 040 ## - FUENTE DE CATALOGACIÓN |
| Idioma de catalogación |
spa. |
| Agencia de catalogación original |
CO-MdFUSB |
| Agencia que realiza la transcripción |
CO-MdFUSB |
| Agencia que realiza la modificación |
CO-MdFUSBC |
| Convenciones de la descripción |
rda |
| 041 ## - CÓDIGO DE IDIOMA |
| Código de idioma para texto/pista de sonido o título separado |
eng |
| 082 ## - NÚMERO DE CLASIFICACIÓN DECIMAL DEWEY |
| Número de la edición del Dewey |
23 |
| Número de clasificación |
226.5 |
| Clave de autor-Numero de item |
W823 |
| 100 1# - ASIENTO PRINCIPAL--NOMBRE PERSONAL |
| Nombre personal |
Witherington, Ben |
| Títulos u otras palabras asociadas al nombre |
III |
| Fechas asociadas con el nombre |
1951- |
| Término relacionador |
autor |
| 245 1# - TÍTULO |
| Título del Material |
John's Wisdom : |
| Parte restante del título - Subtitulo |
a commentary on the fourth Gospel |
| Mención de responsabilidad, etc. |
/ Ben Witherington |
| 264 #1 - PRODUCCIÓN, PUBLICACIÓN, DISTRIBUCIÓN, MANUFACTURA, Y COPYRIGHT |
| Lugar de producción, publicación, distribución, manufactura |
Louisville, Kentucky : |
| Nombre del productor, publicador, distribuidor |
Westminster John Knox Press, |
| Fecha de producción, publicación, distribución, manufactura, o copyright |
[1995] |
| 264 #4 - PRODUCCIÓN, PUBLICACIÓN, DISTRIBUCIÓN, MANUFACTURA, Y COPYRIGHT |
| Fecha de producción, publicación, distribución, manufactura, o copyright |
©1995 |
| 300 ## - DESCRIPCIÓN FÍSICA |
| Extensión |
411 páginas |
| Dimensiones |
; 23 cm |
| 336 ## - TIPO DE CONTENIDO |
| Fuente |
rdacontent |
| Término de tipo de contenido |
texto |
| Código de tipo de contenido |
txt |
| 337 ## - TIPO DE MEDIO |
| Fuente |
rdamedia |
| Nombre del tipo de medio |
sin mediación |
| Código del tipo de medio |
n |
| 338 ## - TIPO DE SOPORTE |
| Fuente |
rdacarrier |
| Nombre del tipo de soporte |
volumen |
| Código Tipo de soporte |
nc |
| 500 ## - NOTA GENERAL |
| Nota General |
Incluye índice, notas, bibliografía y lista de excursiones<br/> |
| 505 ## - NOTA DE CONTENIDO |
| Información miscelánea |
Parte I: |
| Título |
Comienzos: |
| Nota de contenido con formato preestablecido |
El ministerio público de Jesús: primera fase. -- Juan 2:13-4:54. -- Una nube de testigos (1:6-9, 15-51). -- El vino nuevo del evangelio (2,1-12). |
| Información miscelánea |
Parte II: |
| Título |
El ministerio público de Jesús: |
| Nota de contenido con formato preestablecido |
Limpieza de la casa (2:13-25). -- Nicodemo y los belenes (3:1-21). -- Juan, Jesús y las obras hidráulicas (3:22-36). -- Un Salvador en Samaria (4:1-42). -- La segunda señal en Caná (4:43-54). |
| Información miscelánea |
Parte III: |
| Título |
Trabajo sabático: |
| Nota de contenido con formato preestablecido |
El ministerio público de Jesús: segunda fase. Juan 5:1-12:11. -- Alimento para el pensamiento, pan sobre las aguas (6:1-71). -- Discursos en el templo y sanación (7:1-10:42). -- Asuntos familiares (11:1-12:11). |
| Información miscelánea |
Parte IV: |
| Título |
El relato de la Pasión: <br/> |
| Nota de contenido con formato preestablecido |
El regreso del Rey y su última audiencia (12:12-50). -- Cena de despedida (13:1-30). -- Los discursos de despedida (13:31-17:26).<br/> |
| Información miscelánea |
Parte V: |
| Título |
El relato de la Pasión: |
| Nota de contenido con formato preestablecido |
El arresto y el juicio de Jesús (18:1-19:16a). -- La muerte y sepultura de Jesús (19:16b-42). |
| Información miscelánea |
Parte VI: |
| Título |
Los relatos de la resurrección: |
| Nota de contenido con formato preestablecido |
La presencia de su ausencia (20:1-10). -- María, María, extraordinaria (20:11-18). -- Conservando las apariencias tras puertas cerradas (20:19-31). -- Desayuno junto al mar (epílogo) (21:1-25). |
| 563 ## - NOTA DE ENCUADERNACIÓN |
| Nota de encuadernación |
Rústica |
| 630 07 - TITULO UNIFORME |
| Título uniforme |
Biblia. |
| Nombre de parte o sección de la obra |
Juan |
| 650 #7 - ASIENTO SECUNDARIO DE MATERIA - TERMINO TEMÁTICO |
| Término temático o nombre geográfico como elemento de entrada |
Hermenéutica bíblica |
| Fuente del encabezamiento o término |
embne |
| 9 (RLIN) |
7333 |
| 942 ## - TIPO DE MATERIAL (KOHA) |
| Tipo de Item KOHA |
Libros General |
| 945 ## - INFORMACIÓN LOCAL DEL REGISTRO |
| Catalogador |
Catherine Arias Alvarez |